000 00514nam a22001577a 4500
003 OSt
005 20260121110658.0
008 260121b |||||||| |||| 00| 0 eng d
040 _cMRSPTU
041 _aEnglish
100 _aBaldeep Kaur Brar, Supervisor: Abhilasha
245 _aOptimal Placement of Relay Nodes in Multi-Pair Co-operative Network to Increase System Capacity in Wireless Sensor Network
260 _bDepartment of CSE, MRSPTU, Bathinda
_c2014
650 _aComputer Science
942 _2ddc
_cTH
_n0
999 _c10709
_d10709